| 000 | 01167nam a22003497a 4500 | ||
|---|---|---|---|
| 001 | 0010383 | ||
| 003 | KOHA_MİRAKIL | ||
| 005 | 20260207001742.0 | ||
| 007 | ta | ||
| 008 | 091109b1998 tu |||gro|||#1|||0|tur | | ||
| 020 |
_a9754402787 _c0,01 |
||
| 040 |
_aTR-BiSEU _btur _cTR-BiSEU _erda |
||
| 041 | 0 | _atur | |
| 044 | _ctu | ||
| 050 |
_aSF250 _b.S88 1998 |
||
| 111 | 2 |
_aV. Süt ve Süt Ürünleri Sempozyumu _c5. : _d1998 : _nTekirdağ. _925492 |
|
| 245 | 1 |
_aV. Süt ve süt ürünleri sempozyumu 21-22 Mayıs 1998 - Tekirdağ : _bgeleneksel süt ürünleri/ _cedt. Mehmet Demirci. |
|
| 264 | 1 |
_aAnkara : _bMilli Prodüktivite Merkezi _c1998 |
|
| 300 | _a427 sayfa: grafik, tablo; 25 cm. | ||
| 336 |
_ametin _btxt _2rdacontent |
||
| 337 |
_aaracısız _bn _2rdamedia |
||
| 338 |
_acilt _bnc _2rdacarrier |
||
| 490 | 1 |
_aMilli Prodüktivite Merkezi yayınları ; _vno. |
|
| 490 | 1 | _a621. | |
| 500 | _aKaynakça var. | ||
| 650 | 0 |
_aYogurt--Turkey--Congresses. _925493 |
|
| 650 | 0 |
_aYoğurt--Türkiye--Kongreler. _925494 |
|
| 830 | 1 |
_aMilli Prodüktivite Merkezi yayınları ; _vno. _96187 |
|
| 830 | 1 |
_a621. _925495 |
|
| 907 | _aSempozyum | ||
| 942 |
_2lcc _cBK |
||
| 999 |
_c10355 _d10355 |
||